Cuba : El cuento cubano: del cuerpo en crisis a la crisis /
Sparad:
| Huvudupphovsman: | |
|---|---|
| Materialtyp: | Okänd |
| Ämnen: | |
| Taggar: |
Lägg till en tagg
Inga taggar, Lägg till första taggen!
|
MARC
| LEADER | 000000000a22000000004500 | ||
|---|---|---|---|
| 001 | 003872 | ||
| 100 | 1 | |a Arango, Arturo, |d 1955-. | |
| 245 | 1 | 0 | |a Cuba : |b El cuento cubano: del cuerpo en crisis a la crisis / |c Arturo Arango. |
| 310 | |a trimestral | ||
| 500 | |a Sección: venta abierta sobre iberoamerica | ||
| 650 | 4 | |a LITERATURA CUBANA | |
| 650 | 4 | |a CRITICA | |
| 650 | 4 | |a LA GACETA DE CUBA | |
| 650 | 4 | |a PREMIO ANUAL DE CUENTO CUBANO | |
| 650 | 4 | |a FORNET, AMBROSIO | |
| 650 | 4 | |a LITERATURA POSTTESTIMONIAL CUBANA | |
| 650 | 4 | |a LOPEZ SACHA, FRANCISCO | |
| 650 | 4 | |a ROBLES, ALEJANDRO | |
| 650 | 4 | |a CORRANDES, ALBERTO | |
| 650 | 4 | |a PEDRO DE JESUS | |
| 773 | 0 | |d España : CEXECI |t Con Eñe: Revista de cultura hispanoamericana |g número 3 (1998), páginas 67-69 | |
| 942 | |c ARC | ||
| 999 | |c 11239 |d 11239 | ||
